Analytical lexicon of the Greek New Testament / (Record no. 2952)
[ view plain ]
| 000 -LEADER | |
|---|---|
| fixed length control field | 00911pam a2200277 a 4500 |
| 001 - CONTROL NUMBER | |
| control field | 43403521 |
| 003 - CONTROL NUMBER IDENTIFIER | |
| control field | OCoLC |
| 005 - DATE AND TIME OF LATEST TRANSACTION | |
| control field | 20181019154940.0 |
| 008 - FIXED-LENGTH DATA ELEMENTS--GENERAL INFORMATION | |
| fixed length control field | 000119s2000 miu bd 000 0 eng |
| 010 ## - LIBRARY OF CONGRESS CONTROL NUMBER | |
| LC control number | 00024983 |
| 020 ## - INTERNATIONAL STANDARD BOOK NUMBER | |
| International Standard Book Number | 0801021359 |
| 040 ## - CATALOGING SOURCE | |
| Original cataloging agency | DLC |
| Transcribing agency | DLC |
| 050 00 - LIBRARY OF CONGRESS CALL NUMBER | |
| Classification number | PA881 |
| Item number | .F75 2000 |
| 082 00 - DEWEY DECIMAL CLASSIFICATION NUMBER | |
| Classification number | REF 487.4 |
| Edition number | 21 |
| Item number | F897A |
| 100 1# - MAIN ENTRY--PERSONAL NAME | |
| Personal name | Friberg, Timothy |
| 245 10 - TITLE STATEMENT | |
| Title | Analytical lexicon of the Greek New Testament / |
| Statement of responsibility, etc. | Timothy Friberg, Barbara Friberg, Neva F. Miller |
| 260 ## - PUBLICATION, DISTRIBUTION, ETC. | |
| Place of publication, distribution, etc. | Grand Rapids, Mich. : |
| Name of publisher, distributor, etc. | Baker Books, |
| Date of publication, distribution, etc. | c2000 |
| 300 ## - PHYSICAL DESCRIPTION | |
| Extent | 439 p. ; |
| Dimensions | 27 cm |
| 440 #0 - SERIES STATEMENT/ADDED ENTRY--TITLE | |
| Title | Baker's Greek New Testament library ; |
| Volume/sequential designation | 4 |
| 504 ## - BIBLIOGRAPHY, ETC. NOTE | |
| Bibliography, etc. note | Includes bibliographical references (p. 25-[26]) |
| 630 00 - SUBJECT ADDED ENTRY--UNIFORM TITLE | |
| Uniform title | Bible. |
| Name of part/section of a work | New Testament |
| General subdivision | Language, style |
| Form subdivision | Dictionaries |
| 650 #0 - SUBJECT ADDED ENTRY--TOPICAL TERM | |
| Topical term or geographic name entry element | Greek language, Biblical |
| Form subdivision | Glossaries, vocabularies, etc |
| 700 1# - ADDED ENTRY--PERSONAL NAME | |
| Personal name | Friberg, Barbara |
| 700 1# - ADDED ENTRY--PERSONAL NAME | |
| Personal name | Miller, Neva F |
| 942 ## - ADDED ENTRY ELEMENTS (KOHA) | |
| Source of classification or shelving scheme | Dewey Decimal Classification |
| Koha item type | Reference |
| Withdrawn status | Lost status | Source of classification or shelving scheme | Damaged status | Not for loan | Collection code | Home library | Current library | Shelving location | Date acquired | Total Checkouts | Full call number | Barcode | Date last seen | Price effective from | Koha item type |
|---|---|---|---|---|---|---|---|---|---|---|---|---|---|---|---|
| Dewey Decimal Classification | Not For Loan | Reference | Harvest Mission College | Harvest Mission College | Reference | 19.10.2018 | REF 487.4 F897A | 000826 | 19.10.2018 | 19.10.2018 | Reference |
